Design principle of fire safety (Record no. 549052)

000 -LEADER
fixed length control field 00393nam a22001337a 4500
082 ## - DEWEY DECIMAL CLASSIFICATION NUMBER
Classification number 363.73
Author Mark PAR
-- L-01,p-15
100 ## - MAIN ENTRY--PERSONAL NAME
Personal name Partness, Bickerdike Allen
9 (RLIN) 45566
245 ## - TITLE STATEMENT
Title Design principle of fire safety
Statement of responsibility, etc. Partness, Bickerdike Allen
260 ## - PUBLICATION, DISTRIBUTION, ETC.
Place of publication, distribution, etc. London,:
Name of publisher, distributor, etc. HMSO,
Date of publication, distribution, etc. c.1996
300 ## - PHYSICAL DESCRIPTION
Extent 291p.
Other physical details ill.
Dimensions 30cm.
500 ## - GENERAL NOTE
General note NUST
526 ## - STUDY PROGRAM INFORMATION NOTE
Program name 0
Interest level 0
Reading level 0
Title point value 363_730000000000000_PAR
942 ## - ADDED ENTRY ELEMENTS (KOHA)
Source of classification or shelving scheme
Koha item type Book
Holdings
Withdrawn status Lost status Source of classification or shelving scheme Damaged status Not for loan Permanent Location Current Location Date acquired Total Checkouts Total Renewals Full call number Barcode Date last seen Date last checked out Price effective from Koha item type
          Military College of Engineering (MCE) Military College of Engineering (MCE) 09/15/2014 1 1 363.73 PAR MCE-43879 08/23/2016 09/15/2014 09/15/2014 Book
© 2023 Central Library, National University of Sciences and Technology. All Rights Reserved.